00579nam a2200121Ia 4500008004100000020001800041100002200059245006300081260003900144650001400183650021500197856004500412171212s9999 xx 000 0 und d a9780874212563 aFarris, Christine cFarris, Christineeditor Anson, Chris MaUnder Construction bUniversity Press of Coloradoc1998 aEducation aEnglish language -- Rhetoric -- Study and teaching; English language -- Rhetoric -- Study and teaching -- Theory, etc.; Report writing -- Study and teaching; Report writing -- Study and teaching -- Theory, etc. uwww.jstor.org/stable/10.2307/j.ctt46nrqf